Statistics for Vuelta last ten years top 3

Click here to take the quiz!

General Stats

  • This quiz has been taken 444 times
    (389 since last reset)
  • The average score is 25 of 30

Answer Stats

YearClassificationTeamNationalityAnswer% Correct
20141Tinkoff-SaxoSpainAlberto Contador
99%
20121Saxo-TinkoffSpainAlberto Contador
99%
20081AstanaSpainAlberto Contador
99%
2Caisse d'épargneSpainAlejandro Valverde
99%
2MovistarSpainAlejandro Valverde
99%
20091Caisse d'épargneSpainAlejandro Valverde
99%
3MovistarSpainAlejandro Valverde
99%
3MovistarSpainAlejandro Valverde
99%
2SkyUnited KingdomChristopher Froome
99%
2SkyUnited KingdomChristopher Froome
99%
2AstanaItalyVincenzo Nibali
98%
20101LiquigasItalyVincenzo Nibali
98%
3SkyUnited KingdomBradley Wiggins
92%
3KatushaSpainJoaquim Rodriguez
91%
3KatushaSpainJoaquim Rodriguez
91%
3Lotto-BelisolAustraliaCadel Evans
84%
2RabobankRussiaDenis Menchov
82%
20071RabobankRussiaDenis Menchov
82%
20131RadioShack-LeopardUSAChristopher Horner
81%
3CSCSpainCarlos Sastre
78%
2CSCSpainCarlos Sastre
78%
3CSCSpainCarlos Sastre
78%
20061AstanaKazakhstanAlexandre Vinokourov
77%
2EuskaltelSpainSamuel Sanchez
75%
3EuskaltelSpainSamuel Sanchez
75%
20111Geox-TMCSpainJuan José Cobo
63%
20051Liberty SegurosSpainRoberto Heras
52%
2AstanaUSALevi Leipheimer
50%
2HTC-ColumbiaSlovakiaPeter Velits
44%
3AstanaKazakhstanAndrey Kashechkin
25%

Score Distribution

Percentile by Number Answered

Percent of People with Each Score

Your Score History

You have not taken this quiz since the last reset